| 000 | 00766nam a2200229 i 4500 | ||
|---|---|---|---|
| 001 | bg | ||
| 100 | 1 | _aGASS, Saul I. | |
| 245 | 1 | 0 |
_aProgramowanie liniowe : _bmetody i zastosowania / _cSaul I. Gass ; tł. [z ang.] Jerzy Michalczyk. |
| 246 |
_iTyt. oryg.: _aLinear programming. Methods and applications |
||
| 250 | _aWyd.2 zm. i uzup. | ||
| 260 |
_aWarszawa : _bPańst. Wydaw. Naukowe, _c1980. |
||
| 300 |
_a309 s. : _brys. |
||
| 500 | _aTyt. oryg.: "Linear programming. Methods and applications". | ||
| 504 | _aBibiogr. s. 287-306. | ||
| 650 | 9 |
_aProgramowanie liniowe _xmetody |
|
| 650 | 9 |
_aProgramowanie liniowe _xstosowanie |
|
| 040 | _cBPK | ||
| 041 | 1 |
_apl _hen |
|
| 080 | _a519.852:65.012 | ||
| 942 | _cKS | ||
| 008 | s pl f |000 0 pol | ||
| 999 |
_c35850 _d35850 |
||
| 856 |
_uhttp://koha.tu.koszalin.pl/cgi-bin/koha/opac-detail.pl?biblionumber=35850 _yKatalog online BPK |
||